00384nam a2200121Ia 4500003000400000005001700004008004100021040001800062041000800080100004500088245009500133260003400228OSt20260119145100.0211028s2013 xx 000 0 und d cAIMIT LIBRARY aeng aMadiwal, Shilpa; K, Dhananjaya.g1116147 aPositive cash disposal of waste: a case study with reference to suzlon energy blades ltd / aMangalorebDhananjaya Kc2013